| 000 | 00000nam 2200000za 4500 |
| 001 | 9.845987 |
| 003 | CaOODSP |
| 005 | 20221107153107 |
| 007 | cr ||||||||||| |
| 008 | 171024s1983 onc #o f000 0 eng d |
| 040 | |aCaOODSP|beng |
| 041 | |aeng|afre |
| 043 | |an-cn--- |
| 086 | 1 |aR5-527/1983-PDF |
| 245 | 00|aElementary/secondary instruction evaluation project |h[electronic resource] : |bvolume I - executive summary / |cEvaluation and Strategic Management Associates Ltd. for the Evaluation Branch, Corporate Policy, DIAND. |
| 246 | 15|aProjet d'évaluation de l'enseignement primaire et secondaire : |bvolume 1 - sommaire à l'intention de la direction |
| 260 | |a[Ottawa?] : |bDIAND, |c1983. |
| 300 | |a[11], 12 p. |
| 500 | |a"April 1983." |
| 500 | |aTitle on added title page: Projet d'évaluation de l'enseignement primaire et secondaire : volume 1 - sommaire à l'intention de la direction. |
| 500 | |aDigitized edition from print [produced by Indigenous and Northern Affairs Canada]. |
| 520 | |a"In August 1981, Evaluation and Strategic Management Associates were commissioned by the Evaluation Branch of Indian Affairs and Northern Development to undertake the planning phase of an evaluation of the Instruction Component of the Elementary/Secondary Education Program. This evaluation assessment was completed in March 1982."--Introduction, p. 2. |
| 546 | |aText in English and French with separate title pages, French text follows English text. |
| 692 | 07|2gccst|aIndians |
| 692 | 07|2gccst|aEducation policy |
| 692 | 07|2gccst|aAssessment |
| 710 | 1 |aCanada. |bIndian and Northern Affairs Canada. |bCorporate Policy. |
| 710 | 2 |aEvaluation and Strategic Management Associates Ltd. |
| 792 | |tElementary/secondary instruction evaluation project |efre|w(CaOODSP)9.846638 |
| 856 | 40|qPDF|s1.09 MB|uhttps://publications.gc.ca/collections/collection_2017/aanc-inac/R5-527-1983.pdf |